000 00273dam a22001097a 4500
999 _c2972
_d2972
008 190521e1987 ag ||||| |||| 00| 0 spa d
100 _aMIchans, Juan R.
_91433
245 _aPatologia quirurgica
250 _a4a ed.
260 _aBuenos Aires
_bEl Ateneo
_c1987
500 _aBaja